Two Routes for the Effect of Verbal Information on Liking Conceptual Art

Dual models of art processing propose two pathways for aesthetic liking: an early, perceptual route, and a higher order elaborative route. The aim of this study was to explore the effect of accompanying verbal information (descriptive vs. interpretive) and its relationship with the perceptual and el...

Full description

Saved in:  
Bibliographic Details
Authors: Gonzalez, Federico Martin (Author) ; Burin, Débora I. (Author)
Format: Electronic Article
Language:English
Check availability: HBZ Gateway
Interlibrary Loan:Interlibrary Loan for the Fachinformationsdienste (Specialized Information Services in Germany)
Published: 2026
In: Journal of cognition and culture
Year: 2026, Volume: 26, Issue: 1/2, Pages: 90-102
Further subjects:B dual-process model
B aesthetic liking
B Conceptual Art
Online Access: Volltext (lizenzpflichtig)
Volltext (lizenzpflichtig)

MARC

LEADER 00000naa a22000002c 4500
001 1965353525
003 DE-627
005 20260317082804.0
007 cr uuu---uuuuu
008 260317s2026 xx |||||o 00| ||eng c
024 7 |a 10.1163/15685373-12340226  |2 doi 
035 |a (DE-627)1965353525 
035 |a (DE-599)KXP1965353525 
040 |a DE-627  |b ger  |c DE-627  |e rda 
041 |a eng 
084 |a 0  |2 ssgn 
100 1 |a Gonzalez, Federico Martin  |e VerfasserIn  |0 (orcid)0000-0002-3720-6382  |4 aut 
245 1 0 |a Two Routes for the Effect of Verbal Information on Liking Conceptual Art 
264 1 |c 2026 
336 |a Text  |b txt  |2 rdacontent 
337 |a Computermedien  |b c  |2 rdamedia 
338 |a Online-Ressource  |b cr  |2 rdacarrier 
520 |a Dual models of art processing propose two pathways for aesthetic liking: an early, perceptual route, and a higher order elaborative route. The aim of this study was to explore the effect of accompanying verbal information (descriptive vs. interpretive) and its relationship with the perceptual and elaborative routes in art appreciation, by systematically varying the way it was presented (simultaneous vs. sequential). While there was no difference under the sequential condition, when both the artwork and its accompanying information were presented at the same time descriptive texts were associated with lower liking scores in comparison with interpretive texts. Additionally, the positive effect of interpretive information was partially mediated by perceived comprehension. Overall, these results suggest that verbal information can influence aesthetic liking in a way consistent with the two-route explanation. 
650 4 |a aesthetic liking 
650 4 |a Conceptual Art 
650 4 |a dual-process model 
700 1 |a Burin, Débora I.  |e VerfasserIn  |0 (orcid)0000-0002-2515-719X  |4 aut 
773 0 8 |i Enthalten in  |t Journal of cognition and culture  |d Leiden : Brill, 2001  |g 26(2026), 1/2, Seite 90-102  |h Online-Ressource  |w (DE-627)332952029  |w (DE-600)2055523-4  |w (DE-576)105430676  |x 1568-5373  |7 nnas 
773 1 8 |g volume:26  |g year:2026  |g number:1/2  |g pages:90-102 
856 4 0 |u https://brill.com/view/journals/jocc/26/1-2/article-p90_7.xml  |x Verlag  |z lizenzpflichtig  |3 Volltext  |7 1 
856 4 0 |u https://doi.org/10.1163/15685373-12340226  |x Resolving-System  |z lizenzpflichtig  |3 Volltext  |7 1 
951 |a AR 
ELC |a 1 
ITA |a 1  |t 1 
LOK |0 000 xxxxxcx a22 zn 4500 
LOK |0 001 4937333828 
LOK |0 003 DE-627 
LOK |0 004 1965353525 
LOK |0 005 20260317082256 
LOK |0 008 260317||||||||||||||||ger||||||| 
LOK |0 040   |a DE-Tue135  |c DE-627  |d DE-Tue135 
LOK |0 092   |o n 
LOK |0 852   |a DE-Tue135 
LOK |0 852 1  |9 00 
LOK |0 935   |a ixzs  |a ixzo 
LOK |0 939   |a 2026-03-17  |b l01 
ORI |a TA-MARC-ixtheoa001.raw 
REL |a 1 
SUB |a REL